000 00531nam a22002177a 4500
003 UA-OsUOA
001 52159
007 ta
008 20080130b un ||||| |||| 00| 0 ukr d
100 _aНосач В.
090 _a330
_bН-84
942 _cSA
040 _aUA-OsUOA
_bukr
_cUA-OsUOA
_dUA-OsUOA
245 _aКлюч до економічного благополуччя.
300 _aС.8-9
955 _a0
041 _aukr
080 _a330
773 0 _w52156
650 7 _a330 Економіка взагалі
_2UDC
999 _c338262
_d338262